000 01161nam a2200361 c 4500
999 _c49982
_d49982
001 49982
003 ES-MaCES
005 20250121135003.0
008 170929s2017 sp f 000 ||spa d
017 _aM 21689-2017
_bDL
020 _a9788499612829
040 _aES-MaCES
_bspa
_cES-MaCES
100 1 _aPalomeque López, Manuel Carlos
_920296
245 1 0 _aDerecho del trabajo
_cManuel Carlos Palomeque López, Manuel Álvarez de la Rosa
250 _a25ª ed
260 _aMadrid
_bCentro de Estudios Ramón Areces
_c2017
300 _a834 p.
_c24 cm
504 _aBibliografía
541 _cCompra
650 4 _aderecho del trabajo
_927165
650 4 _alegislación del trabajo
_927166
650 4 _anorma internacional del trabajo
_930609
650 4 _aderecho comunitario
_929866
650 4 _aEspaña
_926964
650 4 _amanual
_929264
650 4 _926752
_aUE
653 1 0 _aDerecho del trabajo y Seguridad Social
700 1 _aÁlvarez de la Rosa, Manuel
_96122
710 2 _aCentro de Estudios Ramón Areces
_eed.
_91880
775 0 _tDerecho del trabajo
_w(ES-MaCES)48246
902 _aLIB Libro
942 _2CES
_cBK
_h6.0.1.